Survey of research in public administration. V 2. (Record no. 26375)

MARC details
000 -LEADER
fixed length control field 00324nam a2200121Ia 4500
082 ## - DEWEY DECIMAL CLASSIFICATION NUMBER
Classification number 035
Item number PAR.2
100 ## - MAIN ENTRY--AUTHOR NAME
Personal name PAIPANANDIKAR, V A
245 #0 - TITLE STATEMENT
Title Survey of research in public administration. V 2.
260 ## - PUBLICATION, DISTRIBUTION, ETC. (IMPRINT)
Place of publication Bombay
Name of publisher Allied
Year of publication 1973
700 ## - ADDED ENTRY--PERSONAL NAME
Personal name PARANJAPE, H K
942 ## - ADDED ENTRY ELEMENTS (KOHA)
Koha item type Books
Holdings
Withdrawn status Lost status Damaged status Not for loan Home library Current library Date acquired Full call number Accession Number Koha item type
        RRII Library RRII Library 16/12/2021 035 PAR.2 07012 Books